000 00581nam a22001817a 4500
003 CEME
005 20210628205250.0
008 210224b xxu||||| |||| 00| 0 eng d
020 _a0-07-065446-8
040 _c.
082 _a629.8 TUM'P
100 _aTuma, J. J
_974666
245 _aHanbdook of numerical clculation in engineering definition numerical examples tables of formulas and tables of functions
260 _aNEWYORK
_bMCGRAW HILL
_c1989
300 _aX,406P
650 _aNUMERICAL CALCULATIONS HANDBOOK ENGINEERING MATHEMATICS HANDBOOK
_974667
942 _cBK
_2ddc
999 _c580175
_d580175